00606 2200217 4500001002100000005001500021035002000036007000300056008004100059020002200100082001100122084001700133100002400150245006800174250002000242260003800262300003800300650001600338700001000354504002400364INLIS00000000134512320240202020031 a0010-0224000104ta240202 0 ind  a978-623-357-110-4 a155.25 a155.25 TJA i0 aTjahjo Harry Wilopo1 aIt's okay to not be okay /cTjahjo Harry Wilopo ; editor, Aning aCetakan pertama aYogyakarta :bC-Klik Media,c2023 aviii, 188 hlm. :bilus. ;c20 cm. 4aKepribadian0 aAning aBibliografi 182-183